Countries that Produce the Most Cotton - Statistics

General Stats
  • This quiz has been taken 36 times
  • The average score is 7 of 10
Answer Stats
Tons of Cotton Country % Correct
2,341,000 Brazil
97%
6,423,000 China
97%
6,162,000 India
97%
3,181,000 United States
97%
980,000 Pakistan
85%
631,000 Turkey
85%
610,000 Australia
82%
762,000 Uzbekistan
58%
305,000 Greece
33%
316,000 Benin
3%
No matching quizzes found
Score Distribution
Percent of People with Each Score
Percentile by Number Answered
Your Score History
You have not taken this quiz